000 00578nam a2200277Ia 4500
005 20260401122117.0
008 008 250103s9999 xx 000 0 eng d
020 _a571207073
037 _aTB
040 _aEDL
040 _beng
040 _cEDL
041 _2eng
041 _aeng
084 _a791.4361 BJO
084 _qEDL
245 0 _aTrier on Von Trier
260 _aLondon
260 _bFaber and Faber
260 _c2003
300 _a274p
942 _cTB
942 _h791.4361 BJO
999 _c1844975
_d1844975